5HLuxD.jpg

KING HENRY VIII SENIOR AND PRIMARY SCHOOL LIBRARY OPAC

Tales from the cafe / (Record no. 5726)

000 -LEADER
fixed length control field 01799nam a2200373 i 4500
001 - CONTROL NUMBER
control field ocn1295620120
003 - CONTROL NUMBER IDENTIFIER
control field OSt
005 - DATE AND TIME OF LATEST TRANSACTION
control field 20251027101059.0
008 - FIXED-LENGTH DATA ELEMENTS--GENERAL INFORMATION
fixed length control field 250121t20222021meu ed 000 f eng d
020 ## - INTERNATIONAL STANDARD BOOK NUMBER
International Standard Book Number 9781529050868
040 ## - CATALOGING SOURCE
Original cataloging agency DLC
Language of cataloging eng
Description conventions rda
Transcribing agency DLC
Modifying agency OCLCO
-- OCLCF
-- OCLCO
-- BKL
-- KSL
-- IUK
-- CaOL
-- KH8
082 ## - DEWEY DECIMAL CLASSIFICATION NUMBER
Classification number FIC KAW
100 1# - MAIN ENTRY--PERSONAL NAME
Personal name Kawaguchi, Toshikazu,
Dates associated with a name 1971-
Relator term author.
245 10 - TITLE STATEMENT
Title Tales from the cafe /
Statement of responsibility, etc. Toshikazu Kawaguchi ; translated from Japanese by Geoffrey Trousselot.
250 ## - EDITION STATEMENT
Edition statement Large print edition.
260 ## - PUBLICATION, DISTRIBUTION, ETC.
Place of publication, distribution, etc. London ;
Name of publisher, distributor, etc. Macmillan Publisher ,
Date of publication, distribution, etc. 2020.
300 ## - PHYSICAL DESCRIPTION
Extent 192 pages ;
Dimensions 19 cm.
336 ## - CONTENT TYPE
Content type term text
Source rdacontent.
337 ## - MEDIA TYPE
Media type term unmediated
Source rdamedia.
338 ## - CARRIER TYPE
Carrier type term volume
Source rdacarrier.
340 ## - PHYSICAL MEDIUM
Font size Large print
Source rdafs.
490 1# - SERIES STATEMENT
Series statement Before the coffee gets cold.
490 1# - SERIES STATEMENT
Series statement Thorndike Press large print softcover romance and women's fiction.
520 ## - SUMMARY, ETC.
Summary, etc. In a back alley in Tokyo, there is a cafe that has been serving carefully brewed coffee for more than 100 years. Local legend says that this shop offers something else besides coffee - the chance to travel back in time. 'Tales from the Cafe' follows four customers who hope to take advantage of the cafe's time-travelling offer and revisit moments with family, friends and lovers. Each of them must face up to their past to move on with their life. From the author of 'Before the Coffee Gets Cold'.
546 ## - LANGUAGE NOTE
Language note Translated from the Japanese.
650 #0 - SUBJECT ADDED ENTRY--TOPICAL TERM
Topical term or geographic name entry element Coffeehouses
Geographic subdivision Japan
-- Tokyo
Form subdivision Fiction.
650 #0 - SUBJECT ADDED ENTRY--TOPICAL TERM
Topical term or geographic name entry element Interpersonal relations
Form subdivision Fiction.
650 #0 - SUBJECT ADDED ENTRY--TOPICAL TERM
Topical term or geographic name entry element Magic realism (Literature)
Form subdivision Fiction.
650 #0 - SUBJECT ADDED ENTRY--TOPICAL TERM
Topical term or geographic name entry element Time-travel fiction.
Source of heading or term genre.
651 #0 - SUBJECT ADDED ENTRY--GEOGRAPHIC NAME
Geographic name Tokyo (Japan)
Form subdivision Fiction.
700 ## - ADDED ENTRY--PERSONAL NAME
Personal name Trousselot, Geoffrey,
Relator term translator.
830 #0 - SERIES ADDED ENTRY--UNIFORM TITLE
Uniform title Before the coffee gets cold.
942 ## - ADDED ENTRY ELEMENTS (KOHA)
Source of classification or shelving scheme
Koha item type Books
Holdings
Withdrawn status Lost status Source of classification or shelving scheme Damaged status Not for loan Collection code Permanent Location Current Location Shelving location Date acquired Full call number Barcode Date last seen Price effective from Koha item type
          Fiction KH8 Senior School Library KH8 Senior School Library Fiction 2025-10-27 FIC KAW 3KHSL000102460 2025-10-27 2025-10-27 Books - Fiction

Powered By KH8 IT Dept